| 000 | 00740nam a22002057a 4500 | ||
|---|---|---|---|
| 999 |
_c18091 _d18091 |
||
| 003 | AR-CdUCM | ||
| 008 | 190511b ||||| |||| 00| 0 spa d | ||
| 040 |
_aMUNICIPALIDAD PROVINCIAL DEL CUSCO _cBIBLIOTECA MUNICIPAL DEL CUSCO |
||
| 082 |
_a868.6 / _bM64 |
||
| 100 |
_aMirò, Gabriel _910939 |
||
| 245 | _aDentro del cercado ; La palma rota ; Los pies y los zapatos de Enriqueta / | ||
| 260 |
_aBuenos Aires : _bLosada, _c1952. |
||
| 300 |
_a213 páginas ; _c19 cm. |
||
| 440 |
_aBiblioteca contemporánea ; _927761 |
||
| 505 | _aContenido: Dentro del cercado -- La palma rota -- Los pies y los zapatos de Enriqueta. | ||
| 650 |
_aNovelas españolas _9584 |
||
| 650 |
_aSiglo XX. _98 |
||
| 942 |
_2ddc _cLIBROS |
||
| 945 |
_aacv _d2019-05-11 |
||